Qui a peint ce tableau ? - Statistiques

Statistiques générales
  • Ce quiz a été pris 202 fois
  • Le résultat moyen est 14 sur 27
Statistiques - réponses
Par images Réponse % Correct
Pablo Picasso
93%
Salvador Dalí
91%
Claude Monet
85%
Eugène Delacroix
80%
Edvard Munch
79%
Michel-Ange
77%
Frida Kahlo
75%
Johannes Vermeer
74%
Gustav Klimt
73%
Léonard de Vinci
72%
Auguste Renoir
65%
René Magritte
64%
Sandro Botticelli
59%
Théodore Géricault
53%
Vincent van Gogh
53%
Rembrandt
48%
Raphaël
47%
Edward Hopper
37%
Jean-François Millet
35%
Piet Mondrian
35%
Le Caravage
32%
Jérôme Bosch
24%
Grant Wood
23%
Henri Rousseau
22%
Paul Cézanne
22%
Gustave Caillebotte
19%
James Abbott McNeill Whistler
8%
Aucun quiz correspondant
Distribution des résultats
% des personnes avec chaque résultat
Percentile par nombre de réponses
Votre historique - résultats
Vous n’avez pas pris ce quiz